[Event "London Classic U2050 op 10th"]
[Site "London"]
[Date "2018.12.16"]
[Round "4"]
[White "Ramprasad, Cherupalli"]
[Black "Jamieson, Alexander"]
[Result "1-0"]
[WhiteElo "1846"]
[BlackElo "1712"]
[PlyCount "89"]
[EventDate "2018.12.14"]
[EventType "swiss"]
[EventRounds "5"]
[EventCountry "ENG"]
[SourceTitle "CBM 187 Extra"]
[Source "ChessBase"]
[SourceDate "2018.11.04"]
[SourceVersion "1"]
[SourceVersionDate "2018.11.04"]
[SourceQuality "1"]

1. Nf3 Nf6 2. g3 g6 3. Bg2 Bg7 4. c4 d6 5. Nc3 0-0 6. a3 a5 7. Rb1 c6 8. b4 e5 9. d3 Qe7 10. e4 Nh5 11. Na4 Be6 12. Ng5 b5 13. Nxe6 Qxe6 14. cxb5 cxb5 15. Nb6 Ra6 16. Nd5 Rc8 17. Bd2 a4 18. Bg5 Nf6 19. Bxf6 Bxf6 20. 0-0 Rac6 21. f4 exf4 22. gxf4 Bd4+ 23. Kh1 Rc2 24. f5 gxf5 25. exf5 Qe2 26. Qxe2 Rxe2 27. Bf3 Re5 28. Rbc1 Rxc1 29. Rxc1 Nd7 30. Rc7 Re1+ 31. Kg2 Rg1+ 32. Kh3 Ne5 33. f6 h6 34. Ne7+ Kh8 35. Rc8+ Kh7 36. Be4+ Ng6 37. Nxg6 fxg6 38. f7 Bg7 39. f8Q Bxf8 40. Rxf8 Ra1 41. Rb8 Rxa3 42. Rxb5 Rb3 43. Rb7+ Kh8 44. Bxg6 a3 45. Rh7+ 1-0

[Event "BCF-chT4S 1718 (4NCL)"]
[Site "England"]
[Date "2018.01.13"]
[Round "3.105"]
[White "Jamieson, Alexander"]
[Black "Anika, Rachna Roy"]
[Result "0-1"]
[WhiteElo "1573"]
[BlackElo "1211"]
[PlyCount "86"]
[EventDate "2017.11.11"]
[EventType "team-swiss"]
[EventRounds "11"]
[EventCountry "ENG"]
[SourceTitle "EXT 2020"]
[Source "ChessBase"]
[SourceDate "2019.10.17"]
[SourceVersion "1"]
[SourceVersionDate "2019.10.17"]
[SourceQuality "1"]
[WhiteTeam "Brown Jack III"]
[BlackTeam "KJCA Kings II"]
[WhiteTeamCountry "ENG"]
[BlackTeamCountry "ENG"]

1. d4 d5 2. c4 dxc4 3. e4 e5 4. d5 b5 5. a4 Nf6 6. Bg5 c6 7. Nf3 h6 8. Bxf6 gxf6 9. dxc6 Qxd1+ 10. Kxd1 bxa4 11. Bxc4 Nxc6 12. Bd5 Bb7 13. Rxa4 Rd8 14. Ke2 a5 15. Rc1 Rc8 16. Ke3 h5 17. Rac4 Bh6+ 18. Ke2 Bxc1 19. Rxc1 Nd4+ 20. Kd2 Rxc1 21. Kxc1 Bxd5 22. exd5 Nxf3 23. gxf3 Kd7 24. Kd2 Rg8 25. Ke2 Rb8 26. Kd3 Rxb2 27. Nd2 a4 28. Kc3 a3 29. Nc4 Rxf2 30. Nxa3 Rxf3+ 31. Kb4 Rxa3 32. Kxa3 Kd6 33. Kb4 Kxd5 34. Kc3 e4 35. h4 f5 36. Kd2 Kd4 37. Ke2 e3 38. Ke1 Kd3 39. Kd1 e2+ 40. Ke1 f6 41. Kf2 Kd2 42. Kf3 e1Q 43. Kf4 Qe4+ 0-1

[Event "BCF-ch U14"]
[Site "Llandudno"]
[Date "2017.07.31"]
[Round "2"]
[White "Jamieson, Alexander"]
[Black "Stoyanov, Viktor"]
[Result "0-1"]
[WhiteElo "1599"]
[BlackElo "1919"]
[PlyCount "68"]
[EventDate "2017.07.30"]
[EventType "swiss"]
[EventRounds "7"]
[EventCountry "WLS"]
[SourceTitle "CBM 179 Extra"]
[Source "ChessBase"]
[SourceDate "2017.08.23"]
[SourceVersion "1"]
[SourceVersionDate "2017.08.23"]
[SourceQuality "1"]

1. c4 Nf6 2. g3 g6 3. Bg2 Bg7 4. Nc3 0-0 5. Nf3 d6 6. 0-0 e5 7. d3 Nc6 8. Rb1 a5 9. a3 Nh5 10. e4 Nf6 11. b4 axb4 12. axb4 Ne8 13. Be3 f5 14. b5 Nd4 15. Bxd4 exd4 16. Ne2 fxe4 17. Nfxd4 exd3 18. Qxd3 Nf6 19. Nf4 Re8 20. Rfe1 Re5 21. Nde6 Qe7 22. Rxe5 dxe5 23. Bd5 Nxd5 24. Nxd5 Qxe6 25. Nxc7 Qf5 26. Qd5+ Kh8 27. Rd1 Ra2 28. f4 h6 29. c5 Qc2 30. Qxa2 Qxa2 31. Rd8+ Kh7 32. Rxc8 exf4 33. Ne8 fxg3 34. Rc7 Qf2+ 0-1

[Event "BCF-ch U150 103rd"]
[Site "Bournemouth"]
[Date "2016.07.31"]
[Round "5.3"]
[White "Jamieson, Alexander"]
[Black "Crockett, Stephen J"]
[Result "1/2-1/2"]
[WhiteElo "1605"]
[BlackElo "1488"]
[PlyCount "64"]
[EventDate "2016.07.29"]
[EventType "swiss"]
[EventRounds "5"]
[EventCountry "ENG"]
[SourceTitle "EXT 2023"]
[Source "ChessBase"]
[SourceDate "2022.10.05"]
[SourceVersion "1"]
[SourceVersionDate "2022.10.05"]
[SourceQuality "1"]

1. d4 e6 2. c4 d5 3. Nc3 Nf6 4. Nf3 c6 5. Bg5 Nbd7 6. e3 Qa5 7. a3 dxc4 8. Bxf6 Nxf6 9. Bxc4 Ne4 10. Qc2 Nxc3 11. Qxc3 Qxc3+ 12. bxc3 b5 13. Bd3 Bd6 14. 0-0 0-0 15. Rfc1 Rb8 16. a4 a6 17. axb5 cxb5 18. c4 bxc4 19. Rxc4 Rb6 20. Rca4 Bb7 21. Bxa6 Ra8 22. Bd3 Rxa4 23. Rxa4 Rb3 24. Bc2 Rc3 25. Ra2 Bd5 26. Rb2 Be4 27. Ne1 Bxc2 28. Rxc2 Rxc2 29. Nxc2 f6 30. f4 Kf7 31. Kf2 h5 32. Kf3 g5 1/2-1/2

[Event "BCF-ch Atkins op"]
[Site "Coventry"]
[Date "2015.08.01"]
[Round "3"]
[White "Jamieson, Alexander"]
[Black "Guy, David T"]
[Result "1/2-1/2"]
[WhiteElo "1697"]
[BlackElo "1907"]
[PlyCount "68"]
[EventDate "2015.07.31"]
[EventType "swiss"]
[EventRounds "5"]
[EventCountry "ENG"]
[SourceTitle "CBM 167 Extra"]
[Source "ChessBase"]
[SourceDate "2015.09.14"]
[SourceVersion "1"]
[SourceVersionDate "2015.09.14"]
[SourceQuality "1"]

1. c4 e5 2. Nc3 Nc6 3. g3 d6 4. Bg2 Nf6 5. d3 g6 6. Nf3 Bg7 7. Bg5 h6 8. Be3 0-0 9. 0-0 a5 10. a3 Re8 11. Rb1 Kh7 12. b4 axb4 13. axb4 Be6 14. b5 Ne7 15. Qc2 Nf5 16. Bd2 Qd7 17. Ra1 c6 18. bxc6 bxc6 19. Rfb1 Rxa1 20. Rxa1 Nd4 21. Qa4 Rc8 22. Nxd4 exd4 23. Ne4 Nxe4 24. Bxe4 d5 25. cxd5 Bxd5 26. Bxd5 Qxd5 27. Rc1 c5 28. Qc4 Qe5 29. Re1 Kg8 30. Bf4 Qf5 31. Qc1 Kh7 32. Qc4 Kg8 33. Qc1 Kh7 34. Qc4 Qh3 1/2-1/2

[Event "BCF-ch U10"]
[Site "Aberystwyth"]
[Date "2014.07.31"]
[Round "6"]
[White "Jamieson, Alexander"]
[Black "Headlong, Benjamin"]
[Result "1-0"]
[WhiteElo "114"]
[BlackElo "115"]
[PlyCount "119"]
[EventDate "2014.07.28"]
[EventType "swiss"]
[EventRounds "7"]
[EventCountry "WLS"]
[SourceTitle "EXT 2017"]
[Source "ChessBase"]
[SourceDate "2016.10.25"]
[SourceVersion "1"]
[SourceVersionDate "2016.10.25"]
[SourceQuality "1"]

1. c4 e5 2. Nc3 Nf6 3. d3 Nc6 4. Nf3 h6 5. g3 Bc5 6. Bg2 d6 7. 0-0 h5 8. Bg5 Be6 9. a3 Qd7 10. Rb1 a6 11. b4 Ba7 12. a4 Rb8 13. b5 axb5 14. axb5 Nd4 15. Nxd4 exd4 16. Ne4 Nxe4 17. Bxe4 f6 18. Bd2 h4 19. Ra1 Bb6 20. Bxb7 Kf7 21. Bc6 Qc8 22. Ra4 hxg3 23. fxg3 Bh3 24. Rf2 Bd7 25. Bxd7 Qxd7 26. Qb3 Kf8 27. Qa2 Ke7 28. Qa1 Bc5 29. Bc1 d5 30. Ba3 Bxa3 31. Qxa3+ Kf7 32. Qc5 dxc4 33. Qxc4+ Ke8 34. Qc6 Qxc6 35. bxc6 Kf7 36. Rxd4 Rhd8 37. Rxd8 Rxd8 38. Rf4 Rd6 39. Rc4 f5 40. Kf2 Ke6 41. Kf3 g5 42. h4 g4+ 43. Kf4 Rd8 44. d4 Rd5 45. e3 Rd8 46. Rc5 Rf8 47. Re5+ Kd6 48. Rxf5 Rxf5+ 49. Kxf5 Kxc6 50. h5 Kd5 51. h6 c5 52. dxc5 Kc4 53. c6 Kd3 54. c7 Kxe3 55. c8Q Kf2 56. h7 Kxg3 57. h8Q Kf2 58. Kf4 g3 59. Qc2+ Ke1 60. Qh1# 1-0